|
|
|
|
| LEADER |
01134nam a2200253 a 4500 |
| 001 |
23766481 |
| 008 |
100208s1991 mau b f000 0 eng d |
| 010 |
|
|
|a 91-19300
|
| 020 |
|
|
|z 089946225X
|
| 040 |
|
|
|a DLC
|c DLC
|d OSU
|d DB-DhAAL
|
| 082 |
0 |
0 |
|a 332.7/1091724
|2 20
|
| 245 |
0 |
0 |
|a Mobilizing savings and rural finance :
|b the A.I.D. experience
|
| 260 |
|
|
|a Washington, D.C. :
|b Agency for International Development ;
|a Weston, Mass. :
|b Oelgeschlager, Gunn & Hain,
|c 1991
|
| 300 |
|
|
|a xiv, 100 p. :
|b ill. ;
|c 23 cm
|
| 490 |
1 |
|
|a A.I.D. science and technology in development series
|
| 504 |
|
|
|a Includes bibliographical references
|
| 541 |
1 |
|
|e 00006283
|
| 650 |
|
0 |
|a Rural credit
|z Developing countries
|
| 650 |
|
0 |
|a Financial institutions
|z Developing countries
|
| 710 |
1 |
0 |
|a United States.
|b Agency for International Development
|
| 830 |
0 |
|
|a A.I.D. science and technology in development series
|
| 852 |
4 |
|
|a Ayesha Abed Library
|j General Shelf.
|
| 999 |
|
|
|c 7405
|d 7405
|
| 952 |
|
|
|0 0
|1 0
|2 ddc
|4 0
|6 332_710917240000000_MOB_1991
|7 0
|9 7921
|a BRACUL
|b BRACUL
|c GEN
|d 2010-02-09
|l 0
|o 332.71091724 MOB
|p 3010006283
|r 2010-02-09
|t 1
|w 2010-02-09
|y BK
|